|
|
|
|
| LEADER |
01285nam a2200361 i 4500 |
| 001 |
001869201 |
| 003 |
CZ BrMZK |
| 005 |
20230906125726.0 |
| 007 |
ta |
| 008 |
181205s2014 hu g 000 f hun |
| 020 |
|
|
|a 978-963-07-9557-9
|q (vázáno)
|
| 035 |
|
|
|a (OCoLC)997394547
|
| 040 |
|
|
|a ABA001
|b cze
|c ABA001
|d BOA001
|e rda
|
| 041 |
1 |
|
|a hun
|h fre
|
| 072 |
|
7 |
|a 821.133.1-3
|x Francouzská próza, francouzsky psaná
|2 Konspekt
|9 25
|
| 080 |
|
|
|a 821.133.1-31
|2 MRF
|
| 080 |
|
|
|a (0:82-31)
|2 MRF
|
| 100 |
1 |
|
|a Kundera, Milan,
|d 1929-2023
|7 jk01070894
|4 aut
|
| 240 |
1 |
0 |
|a Identité.
|l Maďarsky
|7 aun20221164710
|
| 245 |
1 |
0 |
|a Azonosság /
|c Milan Kundera ; fordította N. Kiss Zsuzsa
|
| 264 |
|
1 |
|a Budapest :
|b Európa Könyvkiadó,
|c 2014
|
| 300 |
|
|
|a 116 stran ;
|c 19 cm
|
| 336 |
|
|
|a text
|b txt
|2 rdacontent
|
| 337 |
|
|
|a bez média
|b n
|2 rdamedia
|
| 338 |
|
|
|a svazek
|b nc
|2 rdacarrier
|
| 500 |
|
|
|a Přeloženo z francouzštiny
|
| 655 |
|
7 |
|a francouzské romány
|7 fd132289
|2 czenas
|
| 655 |
|
9 |
|a French fiction
|2 eczenas
|
| 700 |
1 |
|
|a Kiss, Zsuzsa,
|d 1955-
|7 mzk20231199944
|4 trl
|
| 910 |
|
|
|a BOA001
|b KMK-0001.237
|
| 990 |
|
|
|a BK
|
| 991 |
|
|
|b 202309
|z 000124340
|
| 996 |
6 |
|
|b 261K001638
|c KMK-0001.237
|l MZK
|r K. M. Kundery - 1. patro
|n 0
|p dar
|h B/09-32.B,003
|w 001937362
|u 000010
|a 0
|e BOA001
|j MZK50
|s P
|